Архиво полковника Хауза. T. 2: Т. 2 (Запись № 13629502)

Подробности
000 -МАРКЕР
контрольное поле 01391nam2a2200229 4500
001 - ИДЕНТИФИКАТОР ЗАПИСИ
контрольное поле rc\2958509
005 - ИДЕНТИФИКАТОР ВЕРСИИ
контрольное поле 20260315071103.0
035 ## - ДРУГИЕ СИСТЕМНЫЕ НОМЕРА
Идентификатор записи (NLR Aleph) 007206631
100 ## - ДАННЫЕ ОБЩЕЙ ОБРАБОТКИ
Данные общей обработки 20110902d1937 u y0rusy50 ca
101 1# - ЯЗЫК РЕСУРСА
Язык текста, звукозаписи и т.д. русский
Язык оригинала английский
102 ## - СТРАНА ПУБЛИКАЦИИ ИЛИ ПРОИЗВОДСТВА
Страна публикации Российская Федерация
105 ## - ПОЛЕ КОДИРОВАННЫХ ДАННЫХ: ТЕКСТОВЫЕ МАТЕРИАЛЫ, МОНОГРАФИЧЕСКИЕ
Кодированные данные о монографическом текстовом документе y z |||||
200 0# - ЗАГЛАВИЕ И СВЕДЕНИЯ ОБ ОТВЕТСТВЕННОСТИ
Основное заглавие Т. 2
210 ## - ПУБЛИКАЦИЯ, РАСПРОСТРАНЕНИЕ И ДР.
Дата издания, распространения и т.д. 1937
215 ## - ФИЗИЧЕСКАЯ ХАРАКТЕРИСТИКА
Специфическое обозначение материала и объем Перепл., 220 с.
461 #0 - УРОВЕНЬ НАБОРА
Встроенное поле 001rc\2958508
-- 2000#$aАрхиво полковника Хауза$e[Дневники и переписка с президентом Вильсоном и др. полит. деятелями за период 1914-1917 г.]$eПер. с англ. Т. I -$fПодготовлен к печати проф. истории Иэйлск. ун-та Чарлзом Сеймуром ...$vT. 2
-- 700#1$aХауз$bЭ.$gЭдуард$f1858-1938
Системный номер (АБИС) связанной записи 7656036
Автор Хауз, Э. (1858-1938)
Место публикации Москва
Дата публикации 1937
Первые сведения об ответственности Подготовлен к печати проф. истории Иэйлск. ун-та Чарлзом Сеймуром ...
Имя издателя, распространителя и т.д. Соцэкгиз
Сведения, относящиеся к заглавию [Дневники и переписка с президентом Вильсоном и др. полит. деятелями за период 1914-1917 г.] : Пер. с англ. Т. I -
Заглавие Архиво полковника Хауза
Номер тома T. 2
801 #0 - ИСТОЧНИК ЗАПИСИ
Страна Российская Федерация
Организация NLR
Правила каталогизации psbo
801 #1 - ИСТОЧНИК ЗАПИСИ
Страна Российская Федерация
Организация ELAR
Источник данных rusmarc
852 ## - МЕСТОНАХОЖДЕНИЕ И ШИФР ХРАНЕНИЯ
Идентификатор организации NLR
Шифр хранения (Call Number) 37-48/202
942 ## - ДОПОЛНИТЕЛЬНЫЕ ЭЛЕМЕНТЫ ЗАПИСИ (АБИС)
Тип экземпляра АБИС Неопределено
980 ## - КОЛЛЕКЦИЯ
Название коллекции Национальная библиография

Нет доступных экземпляров.